00000000nam 22000008i 4500
0019.942480
003CaOODSP
00520251031142449
006m     o  d f      
007cr cn|||||||||
008240827t20242024onc     ob   f000 0 eng d
020 |a9780660733531
040 |aCaOODSP|beng|erda|cCaOODSP
041 |aeng|beng|bfre
043 |an-cn---
0861 |aM183-2/9208E-PDF
1001 |aHuot-Vézina, Gabriel, |eauthor.
24510|aGeological Survey of Canada field data model / |cG. Huot-Vézina, É. Girard, and R. Cocking.
264 1|a[Ottawa] : |bGeological Survey of Canada, |c2024.
264 4|c©2024
300 |a1 online resource (47 pages).
336 |atext|btxt|2rdacontent
337 |acomputer|bc|2rdamedia
338 |aonline resource|bcr|2rdacarrier
4901 |aOpen file, |x2816-7155 ; |v9208
504 |aIncludes bibliographical references (page 47).
520 |a"The Geological Survey Canada (GSC) has an in-house on-site data collecting application for geologists (Huot-Vézina, 2024). The application was built upon a simple, yet effective field data model for either bedrock geology or surficial geology. This model is the result of many previous iterations, FieldLog in the 1990s (Brodaric, 1997) up until the start of 2000 and then GanFeld (Shimamura, Williams, & Buller, 2008) in 2008 through 2016 as well as collaboration with scientists working at the GSC throughout the years. Specifically, it is a relational GIS database in the form of a GeoPackage, which is an open geospatial format supported by the Open Geoscience Consortium (OGC). The model aims to collect information for regional mapping"--Summary, page 1
546 |aIncludes summary in French.
650 0|aGeological modeling.
650 0|aGeographic information systems|zCanada.
650 6|aModèles en géologie.
650 6|aSystèmes d'information géographique|zCanada.
7102 |aGeological Survey of Canada, |eissuing body.
830#0|aOpen file (Geological Survey of Canada)|x2816-7155 ; |v9208.|w(CaOODSP)9.506878
85640|qPDF|s559 KB|uhttps://publications.gc.ca/collections/collection_2025/rncan-nrcan/m183-2/M183-2-9208-eng.pdf
8564 |qHTML|sN/A|uhttps://doi.org/10.4095/pjucp83rbn